00521nam a2200181Ia 4500008004100000020001800041082000800059100002600067245004800093250000600141260002900147300001500176500002400191650001000215942000700225952009000232999001700322230524s9999 xx 000 0 und d a9788131517307 bLOG aDaryl L. Logan942882 2aA First Course In The Finite Element Method a5 aNew DelhibCengagec2016 a"XI,878p;" aQuantity Number: 1 aCivil cBK 00104070aTATCLbTATCLcGENd2023-05-24l0o LOGp54146r2023-05-24w2023-05-24yBK c57854d57854